| Tag |
First Indicator |
Second Indicator |
Subfields |
| LEADER |
00000cam a2200000 a 4500 |
| 001 |
in00001343421 |
| 005 |
20151006051810.0 |
| 008 |
960416s1997 nyua b 001 0 eng |
| 010 |
|
|
|a 96018432
|
| 020 |
|
|
|a 0195080548
|
| 020 |
|
|
|a 0195080556 (pbk.)
|
| 035 |
|
|
|a (OCoLC)34604273
|
| 035 |
|
|
|9 AHF6636AM
|
| 040 |
|
|
|a DLC
|c DLC
|d C#P
|d TXA
|d UtOrBLW
|
| 049 |
|
|
|a TXAM
|
| 050 |
0 |
0 |
|a PC119
|b .Z36 1997
|
| 082 |
0 |
0 |
|a 440
|2 20
|
| 100 |
1 |
|
|a Zanuttini, Raffaella.
|
| 245 |
1 |
0 |
|a Negation and clausal structure :
|b a comparative study of Romance languages /
|c Raffaella Zanuttini.
|
| 264 |
|
1 |
|a New York :
|b Oxford University Press,
|c 1997.
|
| 300 |
|
|
|a xiv, 201 pages :
|b illustrations ;
|c 25 cm.
|
| 336 |
|
|
|a text
|b txt
|2 rdacontent
|
| 337 |
|
|
|a unmediated
|b n
|2 rdamedia
|
| 338 |
|
|
|a volume
|b nc
|2 rdacarrier
|
| 490 |
1 |
|
|a Oxford studies in comparative syntax
|
| 504 |
|
|
|a Includes bibliographical references (pages 185-194) and index.
|
| 650 |
|
0 |
|a Romance languages
|x Negatives.
|
| 650 |
|
0 |
|a Romance languages
|x Grammar, Comparative.
|
| 650 |
|
0 |
|a Romance languages
|x Clauses.
|
| 650 |
|
0 |
|a Italian language
|x Dialects.
|
| 830 |
|
0 |
|a Oxford studies in comparative syntax.
|
| 999 |
|
|
|a MARS
|
| 999 |
f |
f |
|s b179dcf3-aac6-3ce0-abea-5842bca96224
|i 9a14943d-1f65-3cb6-a2b0-4f63ca80db77
|t 0
|
| 952 |
f |
f |
|p ric
|a Texas A&M University
|b Rellis Campus
|c Joint Library Facility
|s JLF
|d Remote Storage
|t 0
|e PC119 .Z36 1997
|h Library of Congress classification
|i unmediated -- volume
|m A14821151910
|
| 998 |
f |
f |
|a PC119 .Z36 1997
|t 0
|l Remote Storage
|